000 00983nam a2200277 a 4500
003 BLK
005 20240925145426.0
008 190122b bu a|||gr|||| 00| 0 bu d
040 _aBLK
041 _aENG
_aBUL
_aROM
_cENG
080 _aПриготвяне на храна(общи въпроси). Рецепти. Готварски книги
_b641.55
_x[(497.2+498)]
_z641.55[(497.2)+(498)]
139 _bD 34
245 _aDelicious from Bulgaria and Romania
246 1 1 _aВкусно от България и Румъния
260 _9494830
_aРусе
_bНСПП Изберете българското
_cб. г.
300 _a80 с.
_c20 см
380 _a62
500 _aПо проект BG0107-05-01
650 0 _9241857
_aЯстия - рецепти
651 7 _9179459
_aРумъния
651 7 _9178684
_aБългария
942 _cKNG
_n0
944 _cНора Радева
_k30545
_lНора Радева
_a30545
999 _c517683
_d517683
999 _d517682
999 _d517682